[Event "Memorial N.Aratovsky"]
[Site "masterchessopen.com Saratov (Russia)"]
[Round "2"]
[White "Dyachkov Sergej (RUS)"]
[Black "Loginov Anton (RUS)"]
[Result "1-0"]
[WhiteElo "2484"]
[BlackElo "2348"]

1.d4 d5 2.c4 e6 3.Nf3 Nf6 4.g3 Bb4+ 5.Bd2 Be7 6.Bg2 O-O 7.O-O Nbd7 8.Qb3 c6
9.Nc3 b6 10.cxd5 cxd5 11.Rfc1 Bb7 12.Bf4 Nh5 13.Be5 f6 14.Bf4 g5 15.Bd2 Ng7
16.Ne1 f5 17.Nd3 Rc8 18.a4 a6 19.Na2 Bf6 20.Bb4 Rf7 21.e3 Ne8 22.Rxc8 Qxc8
23.a5 bxa5 24.Bxa5 Nd6 25.Rc1 Nc4 26.Bb4 Qa8 27.Qc2 a5 28.Bc5 Qb8 29.Nc3 Ba6
30.Nxd5 exd5 31.Bxd5 Ncb6 32.Bxf7+ Kxf7 33.Ne5+ Bxe5 34.Qxf5+ Bf6 35.Bxb6 Nxb6
36.Rc6 Qd8 37.Qxh7+ Bg7 38.Qg6+ Kf8 39.Rxb6 Bc4 40.Rd6 Qc8 41.Rc6 Qg4 42.Rxc4
{#r} 1-0

[Event "Memorial Narciso Yepes (open)"]
[Site "masterchessopen.com Lorca (Spain)"]
[Round "7"]
[White "Kolev Atanas (BUL)"]
[Black "Pogorelov Ruslan (UKR)"]
[Result "0-1"]
[WhiteElo "2524"]
[BlackElo "2439"]

1.Nf3 Nf6 2.c4 e6 3.g3 d5 4.d4 Bb4+ 5.Bd2 Be7 6.Bg2 c6 7.Qc2 O-O 8.O-O Nbd7
9.Bf4 b6 10.Nc3 Bb7 11.Rfd1 dxc4 12.e4 b5 13.h3 Qb6 14.g4 Rfd8 15.Bg5 Re8
16.e5 Nd5 17.Bxe7 Rxe7 18.Ng5 Nf8 19.Nce4 h6 20.Nf3 Ng6 21.Nc5 Ngf4 22.Bf1 Rf8
23.g5 f6 24.gxf6 gxf6 25.exf6 Rxf6 26.Ne5 Bc8 27.Kh1 Rg7 28.Re1 Qd8 29.Ne4 Rf8
30.Ng3 Nxh3 31.Bxh3 Qh4 32.Kg1 Qxh3 33.Qe4 h5 34.Qh1 Qxh1+ 35.Kxh1 Rxf2 36.Rg1
Rf4 37.Kh2 Rh4+ 38.Kg2 Rxd4 39.Nf3 Rdg4 {#R} 0-1

[Event "Memorial Pedro Lezcano Montalvo"]
[Site "masterchessopen.com Gran Canaria (Spain)"]
[Date "2011.03.21"]
[Round "2"]
[White "Gonzalez Garcia Guillermo (ESP)"]
[Black "Gonzalez Intelangelo Gerardo (ESP)"]
[Result "1-0"]
[WhiteElo "2211"]
[BlackElo "2048"]

1.d4 d5 2.Nf3 Nf6 3.c4 e6 4.g3 Bb4+ 5.Bd2 Bxd2+ 6.Nbxd2 c6 7.Bg2 b6 8.O-O Bb7
9.Qc2 Nbd7 10.Rad1 O-O 11.Rfe1 Rc8 12.e4 c5 13.e5 Ne8 14.cxd5 cxd4 15.Qb1 Bxd5
16.Ne4 Nc5 17.Nxd4 Qe7 18.Nd6 Nxd6 19.exd6 Qf6 20.Bxd5 exd5 21.Nf5 Rcd8
22.Rxd5 g6 23.Nh6+ Kg7 24.Ng4 Qf3 25.Qd1 Qxd1 26.Rexd1 Nd7 27.Rc1 h5 28.Ne3
Nf6 29.Rd4 Rd7 30.Rc6 Rfd8 31.a4 Ne8 32.Nc4 Kf6 33.h3 Ke6 34.g4 hxg4 35.hxg4
f6 36.b4 Nxd6 37.b5 Ke7 38.Ne3 Ne8 39.Re4+ Kf7 40.g5 Rd4 41.Ree6 R8d6 42.Rexd6
Rxd6 43.gxf6 Rxc6 44.bxc6 Kxf6 45.Nd5+ Ke5 46.c7 Nd6 47.Ne7 a6 48.Kf1 b5 49.a5
b4 50.Ke2 Kd4 51.Kd2 g5 52.Nf5+ {#r} 1-0

[Event "Memorial R.Nezhmetdinov"]
[Site "masterchessopen.com Kazan (Russia)"]
[Date "2006.06.02"]
[Round "2"]
[White "Gleizerov Evgeny (RUS)"]
[Black "Rodchenkov Vitaly (RUS)"]
[Result "1-0"]
[WhiteElo "2560"]
[BlackElo "2372"]

1.d4 Nf6 2.c4 e6 3.g3 d5 4.Nf3 Bb4+ 5.Bd2 Be7 6.Bg2 O-O 7.O-O b6 8.cxd5 exd5
9.Nc3 Bb7 10.Qc2 Na6 11.Rad1 c6 12.Bf4 Nc7 13.Be5 Ne6 14.Bh3 Bc8 15.Rfe1 Nd7
16.e4 Nxe5 17.Nxe5 Ng5 18.Bg2 Bb7 19.exd5 cxd5 20.Qb3 Rc8 21.Nxd5 Bd6 22.h4
Ne6 23.Nxf7 Rxf7 24.Rxe6 Kh8 25.Nxb6 Bxg3 26.fxg3 Rb8 27.Nd5 Ba8 28.Rde1 Rf8
29.Qc4 Rc8 30.Qb5 a6 31.Rxa6 Rc2 32.Rxa8 Qxa8 33.Ne3 {#r} 1-0

[Event "Memorial R.Nezhmetdinov (open)"]
[Site "masterchessopen.com Kazan (Russia)"]
[Date "2008.06.02"]
[Round "2"]
[White "Mustakayev Artur (RUS)"]
[Black "Zablotsky Sergei (RUS)"]
[Result "0-1"]
[WhiteElo "2298"]
[BlackElo "2524"]

1.Nf3 Nf6 2.d4 e6 3.g3 d5 4.c4 Bb4+ 5.Bd2 a5 6.a3 Be7 7.Nc3 O-O 8.Qb3 a4
9.Nxa4 dxc4 10.Qd1 Nc6 11.e3 e5 12.Nxe5 Qd5 13.Rg1 Nxe5 14.dxe5 Qxe5 15.Nc3
Be6 16.Qf3 Rfd8 17.Qf4 Qc5 18.Bg2 g5 19.Qf3 Bg4 20.Qxb7 Rab8 21.Qc6 Rxb2
22.Qxc5 Bxc5 23.Nb1 c3 {#R} 0-1

[Event "Memorial V.Mikenas (final)"]
[Site "masterchessopen.com Vilnius (Lithuania)"]
[Date "2010.11.28"]
[Round "2"]
[White "Rausis Igors (CZE)"]
[Black "Zagorskis Darius (LTU)"]
[Result "0-1"]
[WhiteElo "2470"]
[BlackElo "2497"]

1.d4 Nf6 2.Nf3 e6 3.g3 d5 4.c4 Bb4+ 5.Bd2 Be7 6.Bg2 O-O 7.Qc2 b6 8.O-O Bb7
9.Ne5 Nbd7 10.Nc3 c5 11.Be3 Qc8 12.Nxd7 Qxd7 13.cxd5 exd5 14.Rad1 c4 15.Bg5
Rfd8 16.Bxf6 Bxf6 17.e4 dxe4 18.Nxe4 Bxd4 19.Ng5 g6 20.Rxd4 Qxd4 21.Bxb7 Rab8
22.Be4 b5 23.h4 Qd2 24.Qb1 b4 25.Nf3 Qd6 26.Qc1 Rbc8 27.Qh6 Qf8 28.Qg5 Qc5
29.Qh6 Qf8 30.Qf4 Qd6 31.Qh6 Qf8 32.Qc1 Qe7 33.Re1 Qf6 34.Kg2 Re8 35.Bd5 Rxe1
36.Qxe1 c3 37.bxc3 bxc3 38.Bb3 c2 39.Qc1 Qc3 40.h5 Rc5 41.h6 Kf8 42.Ng5 Rxg5
43.Qxg5 Qc6+ 44.Bd5 f6 45.Qd2 c1=Q 46.Qb4+ Q1c5 47.Qb8+ Qc8 {#R} 0-1

[Event "Memorial V.Nabokov (cat.9)"]
[Site "masterchessopen.com Kiev (Ukraine)"]
[Date "2011.04.23"]
[Round "6"]
[White "Hamitevici Vladimir (MDA)"]
[Black "Itkis Boris (ROM)"]
[Result "1-0"]
[WhiteElo "2438"]
[BlackElo "2440"]

1.d4 Nf6 2.c4 e6 3.g3 d5 4.Nf3 Bb4+ 5.Bd2 Be7 6.Bg2 O-O 7.Qc2 c6 8.O-O b6
9.Rd1 Bb7 10.Bf4 Nbd7 11.Ne5 Rc8 12.Nc3 dxc4 13.Nxc4 Ne8 14.e4 b5 15.Qb3 g5
16.Be3 Ba6 17.Nd2 b4 18.Na4 Qa5 19.Bf1 Bb5 20.Bxb5 cxb5 21.Nc5 Nxc5 22.dxc5
Ng7 23.Rac1 Rfd8 24.Nf3 Rxd1+ 25.Rxd1 h6 26.Rc1 Ne8 27.h4 g4 28.Ne5 Nf6
29.Bxh6 Rxc5 30.Rxc5 Bxc5 31.Qd1 b3 32.axb3 Kh7 33.Bd2 Qd8 34.Qe2 Qd4 35.Nxf7
Qxb2 36.Ng5+ Kg8 37.e5 Nd5 38.Qd3 {#r} 1-0

[Event "Memorial V.Syre (open)"]
[Site "masterchessopen.com Issy Les Moulineaux (France)"]
[Date "2005.05.06"]
[Round "3"]
[White "Steimer Michel (FRA)"]
[Black "Giraud-Bit Pierre (FRA)"]
[Result "1-0"]
[WhiteElo "2175"]
[BlackElo "1982"]

1.d4 d5 2.c4 e6 3.Nf3 Nf6 4.g3 Bb4+ 5.Bd2 Bxd2+ 6.Nbxd2 O-O 7.Bg2 Nbd7 8.O-O
Re8 9.Qc2 c6 10.e4 dxe4 11.Nxe4 Nxe4 12.Qxe4 Nf6 13.Qf4 Qb6 14.b3 Bd7 15.Ne5
Rad8 16.g4 h6 17.h4 Re7 18.Rad1 Be8 19.Rfe1 Nd7 20.Nf3 Nf8 21.Bf1 Qc7 22.Qe3
f6 23.Bd3 Bg6 24.h5 Bxd3 25.Rxd3 Red7 26.Red1 a5 27.Kg2 b5 28.Qe4 Qb6 29.R1d2
Qb7 30.cxb5 cxb5 31.Qxb7 Rxb7 32.Rc3 Rbd7 33.Rdc2 Kf7 34.Rc6 Rd5 35.Ra6 b4
36.Rc5 Rxc5 37.dxc5 Rc8 38.Rxa5 Nd7 39.Rb5 Nxc5 40.Rxb4 Ra8 41.a4 f5 42.Rb5
Nxb3 43.Rxb3 Rxa4 44.gxf5 exf5 45.Rb7+ Kf6 46.Rb6+ Ke7 47.Ne5 Re4 48.Ng6+ Kf7
49.f3 Re2+ 50.Kg3 Ra2 51.Ne5+ Kf8 52.Rb7 Ra4 53.Rf7+ {#r} 1-0

[Event "Memorial Victorio Riego Prieto"]
[Site "masterchessopen.com Asuncion (Paraguay)"]
[Date "2011.01.13"]
[Round "10"]
[White "Latorre Manuel (PAR)"]
[Black "Kropff Ricardo (PAR)"]
[Result "1-0"]
[WhiteElo "2299"]
[BlackElo "2236"]

1.d4 Nf6 2.Nf3 d5 3.c4 e6 4.g3 Bb4+ 5.Bd2 Bxd2+ 6.Qxd2 O-O 7.Bg2 c6 8.O-O Nbd7
9.Qc2 b6 10.Nbd2 Bb7 11.e4 c5 12.e5 Ne4 13.dxc5 bxc5 14.cxd5 exd5 15.Nxe4 dxe4
16.Nd2 Nxe5 17.Nxe4 c4 18.Rfd1 Qe7 19.Rd4 Rac8 20.Nd6 Bxg2 21.Nxc8 Qc5 22.Ne7+
Qxe7 23.Kxg2 Qb7+ 24.Qe4 Qxb2 25.Re1 Ng6 26.Re2 Qb5 27.Rxc4 {#r} 1-0

[Event "Moravian League 2002/03 (1st)"]
[Site "masterchessopen.com Czech Republic"]
[Round "3"]
[White "Lahner Jakub (CZE)"]
[Black "Bachorik Otto (CZE)"]
[Result "0-1"]
[WhiteElo "2241"]
[BlackElo "2174"]

1.d4 Nf6 2.c4 e6 3.g3 d5 4.Nf3 Bb4+ 5.Bd2 Bxd2+ 6.Nbxd2 O-O 7.Bg2 b6 8.O-O Bb7
9.Rc1 Nbd7 10.b4 c6 11.Qb3 b5 12.c5 a5 13.a3 Qc7 14.Rfe1 axb4 15.axb4 Ra4
16.Nb1 Rfa8 17.Nc3 Ra3 18.Qb2 Bc8 19.Nd2 e5 20.e3 exd4 21.exd4 Nf8 22.Nb3 R3a7
23.Na5 Ne6 24.Qd2 Bd7 25.Re2 Re8 26.Rce1 Raa8 27.f4 Rad8 28.Nd1 Nf8 29.Nf2
Rxe2 30.Rxe2 Bf5 31.Re5 g6 32.Qe2 Ne6 33.Qd1 h5 34.h3 Ne4 35.Nxe4 dxe4 36.d5
Nxc5 37.d6 Ne6 38.g4 Rxd6 39.Qe2 hxg4 40.hxg4 Nxf4 41.Re8+ Kh7 42.Qb2 f6
43.gxf5 Rd1+ 44.Bf1 Qa7+ 45.Kh2 Rxf1 46.fxg6+ Kg7 {#R} 0-1

[Event "NRW-liga 2006/07"]
[Site "masterchessopen.com Germany"]
[Date "2007.03.18"]
[Round "7"]
[White "Petzold Klaus (GER)"]
[Black "Zajogin Alexander (BLR)"]
[Result "0-1"]
[WhiteElo "2265"]
[BlackElo "2395"]

1.c4 e6 2.Nf3 Nf6 3.g3 d5 4.d4 Bb4+ 5.Bd2 a5 6.Qc2 O-O 7.Bg2 b6 8.O-O c6 9.Bf4
Be7 10.Rd1 Ba6 11.b3 Nbd7 12.Bc1 Rc8 13.Nbd2 c5 14.Qb1 cxd4 15.Nxd4 Bc5 16.Bb2
e5 17.Nb5 Ng4 18.Rf1 Bxb5 19.cxb5 e4 20.b4 axb4 21.Nb3 Qg5 22.Nxc5 bxc5 23.a4
bxa3 24.Rxa3 Nb6 25.f3 Nc4 26.Rb3 exf3 27.exf3 Nge3 28.Bc1 d4 29.Qd3 Qd5
30.Re1 Ne5 31.Qb1 Nxg2 {#R} 0-1

[Event "NRW-liga 2009/10"]
[Site "masterchessopen.com Germany"]
[Date "2010.04.25"]
[Round "9"]
[White "Zatonskih Anna (USA)"]
[Black "Gruen Peter (GER)"]
[Result "1-0"]
[WhiteElo "2480"]
[BlackElo "2372"]

1.d4 Nf6 2.c4 e6 3.g3 d5 4.Nf3 Bb4+ 5.Bd2 Be7 6.Bg2 O-O 7.O-O Nbd7 8.Qc2 c6
9.Bf4 Nh5 10.Bc1 Nhf6 11.Rd1 b6 12.b3 Bb7 13.Nc3 Rc8 14.e4 c5 15.exd5 exd5
16.dxc5 dxc4 17.b4 bxc5 18.b5 Re8 19.a4 Bf8 20.a5 Ne4 21.Ng5 Nxg5 22.Bxb7 Rc7
23.Bxg5 Qxg5 24.Bc6 Rd8 25.Rd5 Ne5 26.f4 Nf3+ 27.Kh1 Rxd5 28.Nxd5 Qd8 29.Nxc7
Nd4 30.Qxc4 Qxc7 31.Bg2 h5 32.b6 axb6 33.a6 b5 34.Qd5 Ne2 35.a7 {#r} 1-0

[Event "Oberliga East A 2002/03"]
[Site "masterchessopen.com Germany"]
[Date "2003.03.09"]
[Round "9"]
[White "Wichmann Cliff (GER)"]
[Black "Neukirch Detlef (GER)"]
[Result "1-0"]
[WhiteElo "2312"]
[BlackElo "2253"]

1.d4 Nf6 2.c4 e6 3.g3 d5 4.Nf3 Bb4+ 5.Bd2 Be7 6.Bg2 O-O 7.O-O Nbd7 8.Nc3 dxc4
9.e4 Nb6 10.Bf4 c5 11.Nb5 Bd7 12.Nd6 Bc6 13.dxc5 Nbd7 14.e5 Nd5 15.Nd4 Nxc5
16.Nxc6 bxc6 17.Nxc4 Nxf4 18.gxf4 Nd3 19.Qd2 Qd4 20.Rad1 Qxc4 21.Qxd3 Qxf4
22.Bxc6 Rad8 23.Qe4 Qxe4 24.Bxe4 Bc5 25.Rfe1 f6 26.exf6 gxf6 27.Bc2 e5 28.b3
Bd4 29.Bf5 Rd6 30.Kg2 Rfd8 31.Kf3 Bb6 32.Rg1+ Kf7 33.Rxd6 Rxd6 34.Bxh7 Rd2
35.Rg2 Rxa2 36.h4 f5 37.Bxf5 Rb2 38.h5 Rxb3+ 39.Ke4 Rb2 40.h6 Bd8 41.Rg7+ Kf8
42.Be6 Rb4+ 43.Kxe5 Rh4 44.Rf7+ Ke8 45.h7 Rh5+ 46.Kd6 Bb6 47.Re7+ Kf8 48.Kd7
{#r} 1-0

[Event "Oberliga East B 2011/12"]
[Site "masterchessopen.com Germany"]
[Date "2012.04.15"]
[Round "11"]
[White "Falk Thomas (GER)"]
[Black "Schmidt Frank (GER)"]
[Result "1-0"]
[WhiteElo "2132"]
[BlackElo "1892"]

1.Nf3 d5 2.d4 e6 3.c4 Nf6 4.g3 Bb4+ 5.Bd2 Bxd2+ 6.Nbxd2 c6 7.Qc2 O-O 8.Bg2
Nbd7 9.O-O dxc4 10.Nxc4 Nb6 11.Nce5 g6 12.Rfd1 Nfd5 13.a3 Qe7 14.Rac1 f6
15.Nd3 Bd7 16.Nc5 Be8 17.e4 Nc7 18.Nxb7 Nb5 19.Nc5 Rc8 20.Bh3 Bf7 21.a4 Nd6
22.a5 Nd7 23.e5 Ne8 24.Bf1 f5 25.Qd2 Kg7 26.Bc4 Nc7 27.b4 Nxc5 28.dxc5 Nd5
29.Bxd5 exd5 30.Re1 Be6 31.Nd4 h6 32.f4 Rfe8 33.Qd3 Qb7 34.b5 Qc7 35.b6 axb6
36.axb6 Qb7 37.Ra1 Ra8 38.Rxa8 Qxa8 39.Qc3 Re7 40.Ra1 Qc8 41.Ra7 Kf7 42.Qa5 g5
43.Rxe7+ Kxe7 44.Qa7+ Ke8 45.b7 Qd8 46.Nxc6 Qd7 47.b8=Q+ Kf7 48.Qxd7+ Bxd7
49.e6+ Bxe6 50.Ne5+ Kg7 51.Qc7+ Kf6 52.Qd8+ Kg7 53.Qe7+ Kh8 54.fxg5 hxg5
55.Qxe6 f4 56.Qg6 fxg3 57.Nf7# 1-0

[Event "Oberliga NRW 1996/97"]
[Site "masterchessopen.com Germany"]
[Round "8"]
[White "Berg Michael (GER)"]
[Black "Wengenroth Walter (GER)"]
[Result "1-0"]
[WhiteElo "2332"]
[BlackElo "2343"]

1.d4 Nf6 2.c4 e6 3.Nf3 d5 4.g3 Bb4+ 5.Bd2 Be7 6.Qb3 dxc4 7.Qxc4 b6 8.Bg2 Bb7
9.O-O Nbd7 10.Bg5 O-O 11.Nc3 c5 12.dxc5 Rc8 13.b4 bxc5 14.b5 Qa5 15.Qb3 c4
16.Qc2 Bb4 17.Bd2 Bxc3 18.Bxc3 Qxb5 19.Rfd1 Be4 20.Qd2 Qb7 21.Qg5 h6 22.Qh4
Rc5 23.g4 Rd5 24.Rdc1 Rc8 25.Kh1 Rcc5 26.Rg1 Rb5 27.Rac1 Nh7 28.Ba1 Nb6 29.Qg3
Qe7 30.Qf4 Bxf3 31.Bxf3 Rd8 32.Bg2 e5 33.Qg3 f6 34.h4 Ra5 35.Rc2 Ra3 36.Qh2
Qd7 37.Bf3 Qa4 38.Rcc1 Rxa2 39.Qg2 Rdd2 40.Bc3 {#r} 1-0

[Event "Olympiad"]
[Site "masterchessopen.com Salonika (Greece)"]
[Round "2"]
[White "Cuevas-Rodriguez Ma Luisa (ESP)"]
[Black "Watai Miyoko (JPN)"]
[Result "1-0"]
[WhiteElo "2185"]
[BlackElo "2032"]

1.d4 Nf6 2.c4 e6 3.g3 d5 4.Nf3 Bb4+ 5.Bd2 Bxd2+ 6.Nbxd2 O-O 7.Qc2 b6 8.Bg2 Bb7
9.cxd5 Nxd5 10.O-O Na6 11.Ne4 h6 12.a3 Rc8 13.b4 Nf6 14.Nxf6+ Qxf6 15.Ng5 Qxg5
16.Bxb7 Nb8 17.Bxc8 Rxc8 18.Rac1 Qd8 19.Rfd1 Qd7 20.e4 Kh8 21.d5 e5 22.Rd3 f6
23.Rc3 Na6 24.Rc6 Rd8 25.Qc4 {#r} 1-0

[Event "Olympiad (w)"]
[Site "masterchessopen.com Moscow (Russia)"]
[Round "11"]
[White "Jiretorn Eva (SWE)"]
[Black "Kryukova Irina (RUS)"]
[Result "0-1"]
[WhiteElo "2230"]
[BlackElo "2261"]

1.d4 Nf6 2.c4 e6 3.g3 d5 4.Nf3 c6 5.Bg2 Bb4+ 6.Bd2 Be7 7.Qc2 O-O 8.O-O Nbd7
9.Bf4 Nh5 10.Be3 Nhf6 11.Bf4 Nh5 12.Be3 b6 13.cxd5 cxd5 14.Rc1 Ba6 15.Nc3 Nhf6
16.Qa4 Bb7 17.Bf4 a6 18.b4 Rc8 19.Nd2 b5 20.Qb3 Nb6 21.a3 Nc4 22.Qd1 Qb6
23.Nxc4 Rxc4 24.e3 Rfc8 25.Ne2 a5 26.Rxc4 Rxc4 27.bxa5 Qxa5 28.Qb3 h6 29.h4
Nd7 30.h5 Nf6 31.Bf3 Ne4 32.Bg2 Ba6 33.f3 Nd2 34.Qd3 Ra4 35.e4 Nc4 36.exd5
exd5 37.Qf5 b4 38.Qd7 Bf8 39.Bc1 b3 40.f4 Nb6 41.Qg4 b2 42.Bxb2 Qb5 43.Bc3
Qxe2 44.Qxe2 Bxe2 45.Re1 Bxh5 46.Re8 Ra8 47.Rxa8 Nxa8 48.Ba5 Bd6 49.Bxd5 Nc7
50.Bxc7 Bxc7 51.Kf2 Kf8 52.Ke3 Ke7 53.Bb3 f6 54.Ke4 Bg6+ 55.Ke3 Kd6 56.g4 Be8
57.Ke4 Bd7 58.f5 Bc6+ 59.d5 Bb5 60.Kf4 Kc5+ {#R} 0-1

[Event "Spartakiada Russia (juniors) (g)"]
[Site "masterchessopen.com Satka (Russia)"]
[Date "2005.06.28"]
[Round "2"]
[White "Meleshko Tatiana (RUS)"]
[Black "Utkina Natalia (RUS)"]
[Result "0-1"]
[WhiteElo "2126"]
[BlackElo "2027"]

1.d4 d5 2.c4 e6 3.Nf3 Nf6 4.g3 Bb4+ 5.Bd2 a5 6.a3 Be7 7.Bg2 Nc6 8.Qc2 O-O
9.O-O Ne4 10.Bf4 g5 11.Be3 Bf6 12.Nc3 g4 13.Ne5 Nxc3 14.Nxc6 Nxe2+ 15.Qxe2
bxc6 16.Qxg4+ Kh8 17.Qh5 Ba6 18.f4 Bxc4 19.Rf2 Rb8 20.g4 Rb3 21.Re1 Qe7 22.f5
Rg8 23.g5 Bxg5 24.Bxg5 Rxg5 25.Qh6 Rg8 26.fxe6 fxe6 27.Rxe6 Qg7 28.Qxg7+ Kxg7
29.Rxc6 Rd3 30.Rxc7+ Kh6 31.Rf4 Rd1+ 32.Kf2 Rd2+ 33.Kf3 Rgxg2 34.Rh4+ Kg6
35.Rhxh7 Rdf2+ 36.Ke3 Re2+ 37.Kf3 Rgf2+ 38.Kg3 Rf6 39.h4 Rxb2 40.Rcg7+ Kf5
41.Rg5+ Ke6 42.Re5+ Kd6 43.Re3 Rd2 44.h5 Rxd4 45.Ra7 Rh6 46.Rxa5 Rxh5 47.Re8
Re5 48.Rd8+ Kc7 49.Raa8 Rd3+ 50.Kf4 Re4+ 51.Kf5 Rf3+ 52.Kg5 Re6 53.Rdc8+ Kd6
54.a4 Ke5 55.Ra5 Kd4 56.Rac5 Ra3 57.a5 Ra6 58.Kf4 R3xa5 59.R5c7 Rf6+ 60.Kg4
Ra4 61.Rd8 Ke4 62.Re7+ Kd3 63.Rc7 Raa6 64.Rcd7 Rae6 65.Rh7 Re4+ 66.Kg3 d4
67.Rc7 Kc3 68.Rdc8 d3 {#R} 0-1

[Event "Spartakiada Russia (juniors) (g)"]
[Site "masterchessopen.com Satka (Russia)"]
[Date "2005.07.05"]
[Round "8"]
[White "Chernova Anastasia (RUS)"]
[Black "Utkina Natalia (RUS)"]
[Result "1-0"]
[WhiteElo "2136"]
[BlackElo "2027"]

1.d4 d5 2.Nf3 e6 3.c4 Nf6 4.g3 Bb4+ 5.Bd2 a5 6.a3 Be7 7.Bg2 O-O 8.O-O dxc4
9.Nc3 c6 10.Bf4 Nd5 11.Ne5 b5 12.a4 f6 13.Nf3 Qb6 14.Qd2 Nd7 15.Bh3 Nxf4
16.gxf4 e5 17.axb5 exd4 18.Nxd4 Rd8 19.Nxc6 Nc5 20.Nxd8 Qxd8 21.Qxd8+ Bxd8
22.Bxc8 Rxc8 23.Rad1 Kf7 24.Rd5 Be7 25.Rfd1 a4 26.f5 Rc7 27.R5d4 Nb3 28.Rd7
Rxd7 29.Rxd7 Nc5 30.Ra7 {#r} 1-0

[Event "Staatsliga B Mitte 2003/04"]
[Site "masterchessopen.com Austria"]
[Date "2004.02.28"]
[Round "8"]
[White "Buhmann Rainer (GER)"]
[Black "Stoll Thomas (ITA)"]
[Result "1-0"]
[WhiteElo "2521"]
[BlackElo "2213"]

1.Nf3 Nf6 2.c4 e6 3.g3 d5 4.d4 Bb4+ 5.Bd2 Be7 6.Bg2 O-O 7.Qc2 b6 8.cxd5 exd5
9.O-O Bb7 10.Nc3 Nbd7 11.Rac1 Re8 12.Rfd1 Nf8 13.Bf4 Ng6 14.Ne5 Nxf4 15.gxf4
a6 16.Kh1 Qd6 17.e3 Bf8 18.a3 Rab8 19.Na4 Re7 20.Nc6 Bxc6 21.Qxc6 Qxc6 22.Rxc6
Ne4 23.Kg1 f5 24.Rdc1 Rb7 25.Nc3 Rd7 26.Nxe4 dxe4 27.Bf1 b5 28.Rxa6 Rd6 29.Ra8
Kf7 30.a4 c6 31.a5 Be7 32.a6 Rb6 33.Ra1 Rd7 34.a7 Rbb7 35.Rf8+ Bxf8 36.a8=Q
Bd6 37.Ra6 Rbc7 38.d5 {#r} 1-0

[Event "Tournament"]
[Site "masterchessopen.com Buenos Aires (Argentina)"]
[Round "0"]
[White "Rossetto Hector (ARG)"]
[Black "Benko Francisco (ARG)"]
[Result "1-0"]
[WhiteElo "2285"]
[BlackElo "2036"]

1.d4 d5 2.Nf3 Nf6 3.c4 e6 4.g3 Bb4+ 5.Bd2 Bxd2+ 6.Nbxd2 O-O 7.Bg2 Nbd7 8.O-O
Re8 9.Qc2 c6 10.e4 dxe4 11.Nxe4 Nxe4 12.Qxe4 Nf6 13.Qh4 Qc7 14.Rfe1 b6 15.Re5
Bb7 16.Rg5 Kf8 17.Rxg7 Kxg7 18.Qg5+ Kf8 19.Qxf6 Qd8 20.Qh6+ Ke7 21.Ne5 Rh8
22.Bxc6 Qxd4 23.Qg5+ Kd6 24.Bxb7 Raf8 25.Qf6 Rhg8 26.Nxf7+ Kc5 27.b4+ {#r} 1-0

[Event "Tournament"]
[Site "masterchessopen.com Muelheim (Germany)"]
[Round "1"]
[White "Bock Juergen (GER)"]
[Black "Raabe Heinz"]
[Result "1-0"]
[WhiteElo "2245"]
[BlackElo "2019"]

1.d4 d5 2.c4 e6 3.Nf3 Nf6 4.g3 Bb4+ 5.Bd2 Bxd2+ 6.Nbxd2 O-O 7.Bg2 c6 8.Qc2
Nbd7 9.O-O Re8 10.Rfd1 b6 11.e4 dxe4 12.Nxe4 Nxe4 13.Qxe4 Bb7 14.Ne5 Nxe5
15.dxe5 Qc7 16.Rd6 Rab8 17.Rad1 Re7 18.h4 h6 19.c5 bxc5 20.Bf1 c4 21.Bxc4 c5
22.Qd3 Ba8 23.Rd8+ Re8 24.Rxe8+ Rxe8 25.Qd7 Qc6 26.Qxc6 Bxc6 27.f4 Kf8 28.Rd6
Rc8 29.Kf2 Ke7 30.Ke3 Bg2 31.Ra6 Rc7 32.Bd3 c4 33.Be2 Bd5 34.Kd4 Bg2 35.Kc3
Bc6 36.Ra5 Bd5 37.Ra4 f6 38.Bxc4 Bf3 39.Kd4 Bd1 40.Ra5 Bf3 41.b3 Bg4 42.Rb5
Bh5 43.Rb8 Bf7 44.a4 Bh5 45.Ke3 Bd1 46.a5 Bg4 47.a6 Bh3 48.Rb7 Kd8 49.Kd4 Rxb7
50.axb7 Kc7 51.Kc5 Kxb7 52.Kd6 {#r} 1-0

[Event "Tournament"]
[Site "masterchessopen.com Heves (Hungary)"]
[Round "1"]
[White "Gacso Tibor (HUN)"]
[Black "Navarro Nicolas Victor Manuel (ESP)"]
[Result "1-0"]
[WhiteElo "2148"]
[BlackElo "2084"]

1.d4 d5 2.c4 Nf6 3.Nf3 e6 4.g3 Bb4+ 5.Bd2 Bxd2+ 6.Nbxd2 O-O 7.Bg2 c6 8.O-O a6
9.Qc2 dxc4 10.Nxc4 b5 11.Nce5 Bb7 12.Rac1 Qd6 13.Rfd1 Nd5 14.Ng5 g6 15.Ne4 Qc7
16.Qd2 f6 17.Nd3 Nd7 18.Nec5 Nxc5 19.Nxc5 Bc8 20.e4 Ne7 21.Qe3 Ra7 22.Qb3 Qd6
23.f4 Kg7 24.e5 fxe5 25.dxe5 Qc7 26.Nxe6+ Bxe6 27.Qxe6 Qb6+ 28.Kh1 Nf5 29.Qxc6
Qf2 30.Rc2 Nd4 31.Rxf2 Nxc6 32.Bxc6 {#r} 1-0

[Event "Tournament"]
[Site "masterchessopen.com Laval (Canada)"]
[Date "2006.11.26"]
[Round "5"]
[White "Joanis Marc Andre"]
[Black "Archambault Serge (CAN)"]
[Result "0-1"]
[WhiteElo "1681"]
[BlackElo "2040"]

1.d4 d5 2.Nf3 Nf6 3.c4 e6 4.g3 Bb4+ 5.Bd2 Bxd2+ 6.Nbxd2 O-O 7.Bg2 c6 8.O-O
Nbd7 9.Qc2 Re8 10.e4 e5 11.dxe5 Nxe5 12.Nxe5 Rxe5 13.exd5 cxd5 14.cxd5 Nxd5
15.Rfe1 Rxe1+ 16.Rxe1 Be6 17.b3 Rc8 18.Qb2 Nb4 19.Rc1 Rxc1+ 20.Qxc1 Nxa2
21.Qb2 Nb4 22.Bxb7 Nd3 23.Qc2 Nxf2 24.Kxf2 Qb6+ 25.Kg2 Qxb7+ 26.Kg1 Bh3 27.Qe4
Qb6+ 28.Kh1 h6 29.Qe8+ Kh7 30.Qxf7 Qc6+ {#R} 0-1

[Event "Tournament (Elo)"]
[Site "masterchessopen.com Samara (Russia)"]
[Round "3"]
[White "Voznesensky Vladimir (RUS)"]
[Black "Konovalov Viatcheslav (RUS)"]
[Result "0-1"]
[WhiteElo "1909"]
[BlackElo "2083"]

1.d4 d5 2.Nf3 Nf6 3.c4 e6 4.g3 Bb4+ 5.Bd2 a5 6.a3 Be7 7.Bg2 O-O 8.cxd5 exd5
9.Nc3 Ne4 10.Be3 c6 11.O-O Bf5 12.Nxe4 Bxe4 13.Ne5 Bxg2 14.Kxg2 f6 15.Nd3 Qb6
16.Rb1 Nd7 17.f4 Rfe8 18.Bg1 Bd6 19.e3 Ra6 20.f5 Qd8 21.b4 axb4 22.axb4 {#R}
0-1

[Event "Tournament (Elo)"]
[Site "masterchessopen.com Mondragon (Spain)"]
[Date "2008.11.28"]
[Round "6"]
[White "Argandona Rivero Inigo (ESP)"]
[Black "Limeres Cristobal (ESP)"]
[Result "1-0"]
[WhiteElo "2385"]
[BlackElo "2280"]

1.Nf3 Nf6 2.c4 e6 3.g3 d5 4.d4 Bb4+ 5.Bd2 a5 6.Bg2 O-O 7.O-O Nc6 8.Bf4 dxc4
9.Qc2 Nd5 10.Qxc4 Nxf4 11.gxf4 Qd5 12.Rc1 Qxc4 13.Rxc4 Ne7 14.Ne5 Bd6 15.Nc3
f6 16.Nd3 c6 17.Ne4 Bb8 18.Rac1 b6 19.Rxc6 Nxc6 20.Rxc6 Ra6 21.Bh3 Kf7 22.d5
Bb7 23.Bxe6+ Ke7 24.Rc2 Ra7 25.e3 Rd8 26.Nc3 Ba6 27.Rd2 Bd6 28.Ne2 Rc7 29.Nd4
g6 30.f5 Bxd3 31.Rxd3 Be5 32.Kg2 Bxd4 33.Rxd4 g5 34.b4 Kd6 35.bxa5 bxa5 36.Ra4
Ra8 37.h4 h6 38.Kf3 Rc2 39.a3 gxh4 40.Rxh4 Rh8 41.Ra4 Ra8 42.Rg4 Ke5 43.Kg3
Rb8 44.Ra4 Rbb2 45.f4+ Kd6 46.Rxa5 {#r} 1-0

[Event "Tournament (Elo)"]
[Site "masterchessopen.com Vidnoe (Russia)"]
[Round "5"]
[White "Kuznetsov Sergei Lvovich (RUS)"]
[Black "Goliuk Viktor (UKR)"]
[Result "1-0"]
[WhiteElo "2369"]
[BlackElo "2123"]

1.d4 d5 2.c4 e6 3.Nf3 Nf6 4.g3 Bb4+ 5.Bd2 Bxd2+ 6.Nbxd2 O-O 7.Bg2 b6 8.O-O Bb7
9.Qc2 Nbd7 10.b4 dxc4 11.Qxc4 Rc8 12.Rab1 Qe7 13.Qc2 c5 14.bxc5 Ba6 15.c6 Bxe2
16.Rfe1 Ba6 17.Qa4 Nb8 18.Ne5 Rfd8 19.Nb3 Nd5 20.Rbc1 Rc7 21.Nd7 Nxd7 22.cxd7
Rxc1 23.Rxc1 Bd3 24.Rc8 Kf8 25.Qc6 h5 26.Qa8 Qb4 27.Rxd8+ Ke7 28.Re8+ Kf6
29.d8=Q+ Kg6 30.h4 {#r} 1-0

[Event "Tournament (Elo)"]
[Site "masterchessopen.com Guimaraes (Portugal)"]
[Date "2012.04.25"]
[Round "4"]
[White "Pinho Paulo (POR)"]
[Black "Sousa Andre Miguel Vale Ventu"]
[Result "1-0"]
[WhiteElo "2143"]
[BlackElo "1673"]

1.d4 Nf6 2.c4 e6 3.Nf3 d5 4.g3 Bb4+ 5.Bd2 Qe7 6.Bg2 O-O 7.O-O Nbd7 8.Qc2 c6
9.Bxb4 Qxb4 10.Nbd2 Qd6 11.Rad1 b6 12.e4 Nxe4 13.Nxe4 dxe4 14.Qxe4 Bb7 15.c5
Qd5 16.Qc2 Nf6 17.Ne5 Qd8 18.Bxc6 Bxc6 19.Nxc6 Qc7 20.Nb4 Rac8 21.Rc1 Qb7
22.c6 Qe7 23.a3 a5 24.Nd3 Rfd8 25.Qa4 Qd6 26.Rc4 Ne4 27.Rd1 Qd5 28.Nf4 Qf5
29.d5 exd5 30.c7 Re8 31.Rxd5 Qg4 32.Rxe4 Rxe4 33.Rd8+ Re8 34.Qxe8# 1-0